Responses for show #2930 - Friday, May 2, 1997

1997 Celebrity Jeopardy! game 5.

Contestants

[<< previous game]

Mike Piazza, a catcher from the Los Angeles Dodgers

Donna D'Errico, a model and actress from Baywatch

Reggie White, a minister and defensive end from the Green Bay Packers

[next game >>]

Jeopardy! Round responses

THE BIBLE
VIVA LAS VEGAS
THE GRAMMYS
ANNUAL EVENTS
THE OLYMPIC GAMES
RHYMES WITH JOCK
(Alex: Obviously, we have a category for all of you out there.)
    $100 1
Joseph

Mike
    $100 2
Circus Circus

Donna
    $100 15
Hillary Clinton

Reggie
    $100 20
Hawaii

Donna
    $100 7
sock

Reggie
    $200 3
Solomon

Reggie
    $200 12
Excalibur

Mike
    $200 16
Eric Clapton

Triple Stumper
    $200 21
Holland (the Netherlands)

Mike
    $200 8
flock

Donna
    $300 4
Bathsheba

Reggie
    $300 13
Caesars Palace

Donna
    $100 17
(Reggie: Don't know.)

LeAnn Rimes

Reggie
    $300 23
[buzzer sounds to end the round]

Ash Wednesday

Triple Stumper
    $300 9
lock

Donna
    $400 5
(Reggie: Who is Cain?)

Abel

ReggieDonna
    $400 14
the Luxor

Mike
    $400 18
Tracy Chapman

Triple Stumper
    $400 10
frock

Triple Stumper
    $500 6
Simon (Peter)

Mike
    $500 22
(Alex: You've managed to come up with many correct responses in this category, you're spending too much time in Las Vegas!)
(Mike: I lost a lot of money there!)

New York-New York

Mike
    $500 19
(Alex: And we have a minute left in the round.)

Kenneth "Babyface" Edmonds

Reggie
    $500 11
bock

Triple Stumper

Scores at the first commercial break (after clue 13):

Reggie Donna Mike
$200 $1,300 $800

Scores at the end of the Jeopardy! Round:

Reggie Donna Mike
$700 $1,400 $1,900

Double Jeopardy! Round responses

U.S. HISTORY
MOVIE DEBUTS
MAGAZINES
GEOGRAPHY
NUTRITION
NONFICTION
    $200 1
California

Triple Stumper
    $200 26
Jane Seymour

Triple Stumper
    $200 16
Sports Illustrated

Reggie
    $200 6
Venice

Mike
    $200 8
(Reggie: What is wheat?)

bran

ReggieMike
    $200 21
Regis Philbin

Donna
    $400 2
Abraham Lincoln

Mike
    $400 27
(Reggie: Who is Kevin Bacon?)

Patrick Swayze

ReggieDonna
    $400 17
perfumes

Mike
    $400 7
Cairo

Mike
    $400 9
vitamin

Mike
    $400 22
(Alex: And we have about a minute left in the round.)

Walter Cronkite

Mike
    $600 3
polio

Donna
    $600 28
[buzzer sounds to end the round]

Yul Brynner

Mike
    $600 18
American Medical Association

Triple Stumper
    $600 13
Mount Everest

Mike
    $600 10
carbohydrates

Donna
    $600 23
Kareem Abdul-Jabbar

Reggie
    $800 4
Jimmy Carter

Mike
    $800 19
Vanity Fair

Triple Stumper
    $1,000 14
Brazil

Mike
    $800 11
oysters

Mike
    $800 24
The Guinness Book of World Records

Mike
    $1000 5
the Eagle

Triple Stumper
    $1000 20
(Alex: Obviously, you guys are so busy that you don't have time to read magazines.)

McCall's

Triple Stumper
    $1000 15
Jamaica

Mike
    $3,000 12
(Mike: What is carbon dioxide?)

free radicals

Mike
    $1000 25
Michael Crichton

Triple Stumper

Scores at the end of the Double Jeopardy! Round:

Reggie Donna Mike
$900 $3,200 $6,900
(lock game)

[wagering suggestions for these scores]

Final Jeopardy! Round responses

SCIENCE HISTORY
(Alex: We now know it at 186,000 miles per second.)
...
(Alex: And ladies and gentlemen, next week, we come back with a different kind of tournament: our second annual International, featuring Jeopardy! star players from around the world.)
ReggieWhat is light
$600
DonnaWhat is Speed?
$3,000
MikeWhat is Speed of Light
$6,000
the speed of light

Final scores:

Reggie Donna Mike
$1,500 $200 $12,900
2nd place: $10,000 for Urban Home 3rd place: $10,000 for Olive Crest Homes for Abused Children Winner: $17,900 for Children's Hospital of Los Angeles

Game dynamics:

Coryat scores:

Reggie Donna Mike
$1,000 $3,200 $9,700
7 R,
4 W
(including 1 DD)
10 R,
0 W
20 R
(including 1 DD),
1 W
(including 1 DD)

Combined Coryat: $13,900

The J! Archive is created by fans, for fans. The Jeopardy! game show and all elements thereof, including but not limited to copyright and trademark thereto, are the property of Jeopardy Productions, Inc. and are protected under law. This website is not affiliated with, sponsored by, or operated by Jeopardy Productions, Inc. Join the discussion at JBoard.tv.